000
00331 a2200157 4500
001
60698
020
_a
9788560753093
040
_c
Anchieta - Pituba
100
_a
Castro, Maria Edileide de Souza
240
1
0
_a
Educação
_l
por
245
1
0
_a
Educação
300
_a
100
362
0
_a
2008
650
4
_a
Educação
942
_c
BK
999
_c
60698
_d
60698